000 00798nam a2200253 a 4500
001 809
003 BR-CuiBMT
005 20231119013355.0
008 231101s2008 spba 000 0 por d
020 _a9788572662109
040 _aBR-CuiBMT
_cBR-CuiBMT
080 _a351.712:657.6
_22007
090 _a351.712:657.6
_bN778a
100 1 _aNogueira, Carnot Leal
245 1 0 _aAuditoria de qualidade de obras públicas /
_cCarnot Leal Nogueira.
260 _aSão Paulo :
_bPini,
_c2008.
300 _a192 p. :
_bil. ;
_c23 cm
504 _aInclui bibliografia.
650 _aObras públicas
_xFiscalização
_zBrasil
650 _aAuditoria
_xAspectos jurídicos
_zBrasil
650 _aEngenharia civil
_xFiscalização
650 _aObras públicas
_xAspectos jurídicos
_zBrasil
942 _2udc
_cLV
999 _c809
_d809